Countries with the Letter W in Their Name - Statistics

General Stats
  • This quiz has been taken 41 times
    21 since last reset
  • The average score is 6 of 12
Answer Stats
Country % Correct
Switzerland
94%
Sweden
72%
New Zealand
61%
Norway
61%
Zimbabwe
61%
Malawi
56%
Taiwan
56%
Rwanda
50%
Papua New Guinea
44%
Botswana
39%
Kuwait
33%
Eswatini (Swaziland)
0%
No matching quizzes found
Score Distribution
Percent of People with Each Score
Percentile by Number Answered
Your Score History
You have not taken this quiz since the last reset